000 00559nam a22002177a 4500
003 UA-OsUOA
001 70542
007 ta
008 20100907b un ||||| |||| 00| 0 ukr d
100 _aШутка І.
090 _a82
_bШ97
942 _cSA
040 _aUA-OsUOA
_bukr
_cUA-OsUOA
_dUA-OsUOA
245 _aІнна Калинець:Стус просто не міг інакше
300 _aС.10
955 _a0
041 _aukr
080 _a82
773 0 _w70541
650 7 _a82 Література. Літературознавство
_2UDC
999 _c356812
_d356812